[Event "Mondiale Semilampo FIDE 2024"]
[Site "New York"]
[Date "26.12.2024"]
[Round "3.43"]
[White "Madaminov, Mukhiddin"]
[Black "Hong, Andrew"]
[Result "0-1"]
[WhiteTitle "GM"]
[BlackTitle "GM"]
[WhiteElo "2501"]
[BlackElo "2572"]
[WhiteFideId "14210703"]
[BlackFideId "2099438"]
[EventDate "26.12.2024"]

1. e4 e6 2. d4 d5 3. exd5 exd5 4. Nf3 Bd6 5. c4 c6 6. Nc3 Ne7 7. Bd3 O-O 8. O-O
dxc4 9. Bxc4 Bg4 10. h3 Bh5 11. Re1 Nd7 12. Bg5 h6 13. Bh4 Nb6 14. Bb3 Qc7 15.
Bxe7 Bxe7 16. Qd3 Bxf3 17. Qxf3 Bb4 18. Rad1 Rad8 19. Re3 Rd7 20. Qf5 Qd8 21.
Rg3 Kh8 22. Qe5 Rg8 23. Ne4 Nd5 24. Qf5 g6 25. Qf3 Kg7 26. Nc5 Re7 27. Bxd5 cxd5
28. Qb3 Qb6 29. a3 Bxc5 30. dxc5 Qxc5 31. Rc3 Qd6 32. Rcd3 Rge8 33. Qc3+ Qf6 34.
Qxf6+ Kxf6 35. Rf3+ Ke6 36. Kh2 Rd8 37. Rd4 Rd6 38. Rdf4 d4 39. Rd3 Ke5 40. g3
Rc7 41. Kg2 f5 42. Rd2 d3 43. Kf3 a5 44. Ke3 Rc2 45. Ra4 b6 46. Rxc2 dxc2 47.
Rc4 g5 48. Rxc2 f4+ 49. gxf4+ gxf4+ 50. Ke2 Rd5 51. Rc4 h5 52. Rc3 Rb5 53. b3
Rd5 54. Rc4 Kf5 55. Rc3 Ke4 56. Rc4+ Rd4 57. Rc3 Rd5 58. Rc4+ Ke5 59. a4 Rd4 60.
Rc3 Ke4 61. h4 Rb4 62. f3+ Ke5 63. Kd3 Rd4+ 64. Ke2 Kd5 65. Rc8 Rb4 66. Rc3 Ke5
67. Kd2 Rd4+ 68. Ke2 Rd6 69. Rc8 Rg6 70. Re8+ Kd5 71. Rf8 Ke5 72. Rh8 Kd4 73.
Kf2 Kc3 74. Rxh5 Kxb3 75. Rf5 Kxa4 76. Rxf4+ Kb3 77. Rg4 Rh6 78. Re4 b5 79. Re3+
Ka4 80. Kg3 b4 81. Kg4 b3 82. f4 b2 83. Re1 Kb3 84. f5 a4 85. Kg5 Rh8 86. f6 a3
87. f7 Rf8 88. Kf6 a2 0-1

[Event "Mondiale Semilampo FIDE 2024"]
[Site "New York"]
[Date "26.12.2024"]
[Round "3.44"]
[White "Wagner, Dennis"]
[Black "Tari, Aryan"]
[Result "0-1"]
[WhiteTitle "GM"]
[BlackTitle "GM"]
[WhiteElo "2616"]
[BlackElo "2629"]
[WhiteFideId "24650684"]
[BlackFideId "1510045"]
[EventDate "26.12.2024"]

1. d4 d5 2. c4 e6 3. Nf3 Nf6 4. g3 Bd6 5. Bg2 h6 6. O-O O-O 7. b3 b6 8. Bb2 Bb7
9. Nc3 a6 10. Qc2 Nbd7 11. Rfd1 Rc8 12. Rac1 Qe7 13. Nh4 Bb4 14. cxd5 exd5 15.
Nf5 Qd8 16. a3 Bd6 17. e3 Re8 18. Nxd6 cxd6 19. Qf5 Ne4 20. Nxe4 dxe4 21. d5 Nc5
22. Qg4 Qg5 23. Qxg5 hxg5 24. b4 Nd3 25. Rxc8 Rxc8 26. Bd4 Bxd5 27. Bxb6 Rc2 28.
Bf1 Bc4 29. Bxd3 exd3 30. e4 g4 31. Be3 Ra2 32. Kg2 d5 33. e5 d4 34. Bf4 Bd5+
35. Kg1 Bf3 0-1

[Event "Mondiale Semilampo FIDE 2024"]
[Site "New York"]
[Date "26.12.2024"]
[Round "3.45"]
[White "Svane, Frederik"]
[Black "Ibarra Jerez, Jose Carlos"]
[Result "1-0"]
[WhiteTitle "GM"]
[BlackTitle "GM"]
[WhiteElo "2668"]
[BlackElo "2556"]
[WhiteFideId "12923044"]
[BlackFideId "2226332"]
[EventDate "26.12.2024"]

1. e4 c5 2. Nf3 Nc6 3. Bb5 e6 4. c3 d5 5. d3 Ne7 6. O-O a6 7. Ba4 b5 8. Bb3 dxe4
9. dxe4 Qxd1 10. Rxd1 Bb7 11. Bc2 Ng6 12. a4 b4 13. a5 Rd8 14. Rxd8+ Kxd8 15.
Nbd2 h6 16. Nc4 Be7 17. Be3 Kc7 18. h4 h5 19. g3 f6 20. Kf1 bxc3 21. bxc3 Na7
22. Nb6 Bc6 23. Nd2 Ne5 24. Bb3 Ng4 25. Bxe6 Nxe3+ 26. fxe3 Nb5 27. c4 Nd6 28.
Bd5 Re8 29. Ke2 Bd8 30. Kd3 Nb7 31. Bf7 Re5 32. Nd5+ Kb8 33. Nf3 Re8 34. Bxe8
Bxe8 35. e5 Bd7 36. exf6 gxf6 37. e4 Nxa5 38. e5 Bf5+ 39. Kc3 Bg4 40. exf6 Be6
41. Ne5 Bxd5 42. cxd5 Bxf6 43. Rxa5 Bxe5+ 44. Kc4 Bxg3 45. Rxa6 Bxh4 46. Rh6 Kc7
47. Rxh5 Bf2 48. Rh7+ Kd6 49. Rh6+ Kd7 50. Ra6 Bg1 51. Rc6 Bf2 52. Re6 Bg1 53.
Rg6 Bf2 54. Ra6 Bg1 55. Kd3 Bf2 56. Ke4 Bg1 57. Rg6 Bf2 58. d6 Kc6 59. Ke5 c4
60. Rg4 Kb5 61. Kd5 Bc5 62. d7 1-0

[Event "Mondiale Semilampo FIDE 2024"]
[Site "New York"]
[Date "26.12.2024"]
[Round "3.46"]
[White "Dardha, Daniel"]
[Black "Escobar Forero, Alder"]
[Result "0-1"]
[WhiteTitle "GM"]
[BlackTitle "GM"]
[WhiteElo "2639"]
[BlackElo "2420"]
[WhiteFideId "240990"]
[BlackFideId "4400801"]
[EventDate "26.12.2024"]

1. Nf3 Nf6 2. c4 d6 3. d4 Nbd7 4. Nc3 e5 5. e4 Be7 6. Be2 O-O 7. O-O c6 8. Re1
a6 9. a4 a5 10. Bf1 exd4 11. Nxd4 Nc5 12. Bf4 Re8 13. Qc2 Nh5 14. Be3 Bg5 15.
Rad1 Bg4 16. f3 Bxe3+ 17. Rxe3 Bd7 18. Qf2 Qf6 19. Re2 Rad8 20. Red2 Bc8 21. Re1
Qg5 22. Rdd1 Nf6 23. Nde2 h5 24. Qg3 Qe3+ 25. Qf2 Qg5 26. h4 Qe5 27. Nc1 Nfd7
28. Nd3 Qf6 29. Nxc5 Nxc5 30. Bd3 Be6 31. Bf1 Bc8 32. Re2 Qe5 33. Red2 Nb3 34.
Rd3 Nc5 35. Re3 f5 36. f4 Qf6 37. e5 dxe5 38. Rxe5 b6 39. Rde1 Be6 40. g3 Rd6
41. Qe2 Qf7 42. Rd1 Red8 43. Rxd6 Rxd6 44. Qe3 Qd7 45. Be2 g6 46. Bf1 Kf8 47.
Qf2 Rd2 48. Re2 Rxe2 49. Bxe2 Qd2 50. Bf1 Qxf2+ 51. Kxf2 Ke7 52. Ke3 Kd6 53. Na2
Nxa4 54. b3 Nc5 55. b4 axb4 56. Nxb4 Ne4 57. Nc2 Nxg3 58. Bd3 Kc5 59. Nd4 Bxc4
60. Bxc4 Kxc4 61. Nxc6 b5 62. Kd2 Nf1+ 63. Kc1 b4 64. Kb2 Nd2 65. Ne5+ Kd5 66.
Nxg6 Ke4 67. Kc2 Nf1 68. Kb3 Ne3 69. Kxb4 Ng2 70. Kc3 Nxf4 71. Nf8 Ng2 72. Kd2
Kf3 73. Ne6 Nxh4 74. Ng7 Kg4 75. Ke2 Ng6 76. Kf2 h4 77. Ne8 Kg5 78. Nd6 Kf4 79.
Kg2 Kg4 80. Ne8 Nf4+ 81. Kh2 Nd5 82. Nd6 Ne3 83. Nf7 Nf1+ 84. Kg2 Ne3+ 85. Kh2
Nc4 86. Nh6+ Kg5 87. Nf7+ Kf6 88. Nd8 Ne5 89. Kh3 Ng6 90. Nc6 Kg5 91. Nd4 Nf4+
92. Kh2 Kg4 93. Nc2 Nd5 94. Ne1 Nb4 95. Kg2 f4 96. Kh2 h3 97. Kg1 Kg3 98. Ng2
h2+ 99. Kh1 Nd3 100. Nxf4 Nf2# 0-1

[Event "Mondiale Semilampo FIDE 2024"]
[Site "New York"]
[Date "26.12.2024"]
[Round "3.47"]
[White "Moradiabadi, Elshan"]
[Black "Gan-Erdene, Sugar"]
[Result "1/2-1/2"]
[WhiteTitle "GM"]
[BlackTitle "IM"]
[WhiteElo "2512"]
[BlackElo "2437"]
[WhiteFideId "12501255"]
[BlackFideId "4902980"]
[EventDate "26.12.2024"]

1. d4 Nf6 2. Nf3 d5 3. c3 Bf5 4. Qb3 Qc8 5. c4 e6 6. Nc3 c6 7. Bg5 Nbd7 8. Rc1
Be7 9. e3 O-O 10. Be2 h6 11. Bh4 Re8 12. O-O Bf8 13. Rfd1 Bd6 14. Ne1 Qb8 15.
Bg3 Bxg3 16. hxg3 Nb6 17. a4 Bg4 18. f3 dxc4 19. Bxc4 Qxg3 20. Bf1 Bh5 21. e4
Qc7 22. a5 Nc8 23. Nd3 Rb8 24. Qa3 Nd7 25. e5 Qd8 26. Nf4 Qg5 27. Nxh5 Qxh5 28.
Ne4 Qh4 29. a6 Qd8 30. axb7 Rxb7 31. Ba6 Qb6 32. Bxb7 Qxb7 33. Qc3 Nb8 34. Ra1
Rd8 35. Qa5 Rd5 36. Nc5 Qe7 37. Qc3 Qd8 38. b4 Nd7 39. Ne4 Nxe5 40. Ra5 Qb6 41.
Rxd5 exd5 42. Qc5 Nc4 43. Re1 Qxc5 44. Nxc5 N8d6 45. Re7 Nb5 46. Re8+ Kh7 47.
Nb3 Ncd6 48. Re7 Kg6 49. Na5 Nxd4 50. Rxa7 Kf6 51. Ra6 N6b5 52. Nxc6 Nc7 53. Rb6
Na8 54. Ra6 Nc7 55. Rb6 Na8 1/2-1/2

[Event "Mondiale Semilampo FIDE 2024"]
[Site "New York"]
[Date "26.12.2024"]
[Round "3.48"]
[White "Aravindh, Chithambaram VR."]
[Black "Macovei, Andrei"]
[Result "1/2-1/2"]
[WhiteTitle "GM"]
[BlackTitle "IM"]
[WhiteElo "2718"]
[BlackElo "2477"]
[WhiteFideId "5072786"]
[BlackFideId "13904680"]
[EventDate "26.12.2024"]

1. d4 Nf6 2. Nf3 e6 3. e3 d5 4. Bd3 c5 5. b3 Nc6 6. O-O Be7 7. Bb2 O-O 8. Nbd2
cxd4 9. exd4 Nb4 10. Be2 Qc7 11. a3 Nc6 12. Bd3 Bd6 13. Qe2 b6 14. Rae1 Bb7 15.
Ne5 Qe7 16. b4 Nd7 17. f4 Rae8 18. g4 f6 19. Nxc6 Bxc6 20. Qe3 e5 21. c4 e4 22.
cxd5 Bxd5 23. Nxe4 f5 24. gxf5 Nf6 25. Nxf6+ gxf6 26. Qg3+ Qg7 27. Re6 Rxe6 28.
fxe6 Bxe6 29. Kf2 Kh8 30. Qxg7+ Kxg7 31. Rg1+ Kf7 32. Kf3 f5 33. Bc1 h6 34. Bd2
Kf6 35. Kf2 Bd5 36. Be2 Rc8 37. Bd1 b5 38. Rg3 a6 39. Rh3 Kg7 40. Bf3 Bxf3 41.
Rxf3 Rc2 42. Ke2 Kf7 43. d5 Ra2 44. Kd1 Ra1+ 45. Bc1 Ra2 46. Rh3 Kg6 47. Rc3 Kf7
48. Bd2 Ra1+ 49. Kc2 Rh1 50. Rc6 Ke7 51. Rxa6 Rxh2 52. Ra7+ Ke8 53. Kd3 Rh3+ 54.
Kd4 Rh2 55. Be3 Ra2 56. Kc3 Re2 57. Kd3 Ra2 58. Ra6 Kd7 59. Kc3 h5 60. Ra7+ Kc8
61. Bc5 Bb8 62. Rh7 Bxf4 63. d6 Be5+ 64. Kd3 Rxa3+ 65. Kc2 Ra2+ 66. Kd3 Ra3+ 67.
Kc2 Ra2+ 68. Kb3 Rb2+ 69. Ka3 Rd2 70. Rxh5 Rd3+ 71. Ka2 Bxd6 72. Rxf5 Bxc5 73.
Rxc5+ Kb7 74. Rxb5+ Kc6 75. Ra5 Kb6 76. Ra3 Rd4 77. Kb3 Rd3+ 78. Ka4 Rxa3+ 79.
Kxa3 1/2-1/2

[Event "Mondiale Semilampo FIDE 2024"]
[Site "New York"]
[Date "26.12.2024"]
[Round "3.49"]
[White "Bilych, Oleksii"]
[Black "Bologan, Victor"]
[Result "1-0"]
[WhiteTitle "IM"]
[BlackTitle "GM"]
[WhiteElo "2435"]
[BlackElo "2600"]
[WhiteFideId "14156504"]
[BlackFideId "13900048"]
[EventDate "26.12.2024"]

1. e4 d6 2. d4 Nf6 3. Nc3 e5 4. Nf3 Nbd7 5. Rg1 c6 6. g4 h6 7. Be3 Be7 8. Qe2 b5
9. O-O-O b4 10. Na4 Qa5 11. b3 Nb6 12. dxe5 dxe5 13. g5 hxg5 14. Nxg5 Nfd7 15.
Nxf7 Kxf7 16. Qg4 Bf6 17. Bc4+ Kf8 18. Rd6 Rh7 19. Bc5 Nxc5 20. Rxf6+ Ke8 21.
Qg6+ Kd8 22. Qxh7 Nbxa4 23. bxa4 1-0

[Event "Mondiale Semilampo FIDE 2024"]
[Site "New York"]
[Date "26.12.2024"]
[Round "3.50"]
[White "Isanzhulov, Arystan"]
[Black "Nesterov, Arseniy"]
[Result "1/2-1/2"]
[WhiteTitle "IM"]
[BlackTitle "GM"]
[WhiteElo "2395"]
[BlackElo "2599"]
[WhiteFideId "13711644"]
[BlackFideId "24198455"]
[EventDate "26.12.2024"]

1. e4 e5 2. Nf3 Nf6 3. Nc3 Nc6 4. d4 exd4 5. Nxd4 Bb4 6. Nxc6 bxc6 7. Bd3 O-O 8.
O-O d5 9. exd5 cxd5 10. h3 Be6 11. Qf3 c5 12. Rd1 Qe7 13. Bg5 h6 14. Nxd5 Bxd5
15. Bxf6 Bxf3 16. Bxe7 Bxd1 17. Bxf8 Bxc2 18. Bxc5 Bxc5 19. Bxc2 Rd8 20. Rd1
Rxd1+ 21. Bxd1 Kf8 22. Kf1 Ke7 23. Be2 Bd4 24. b3 Bc5 25. Bc4 f6 26. Ke2 Kd6 27.
f4 Bb6 28. Kf3 Bc5 29. h4 Ba3 30. Ke4 Bb4 31. Bg8 Ba3 32. h5 Bb4 33. Kf5 Ke7 34.
Bc4 Ba3 35. Kg6 Kf8 36. Be2 Bb4 37. Kf5 Ke7 38. Bc4 Ba3 39. Ke4 Kd6 40. f5 Kc5
41. Kd3 Bb4 42. Bf7 Ba3 43. Kc3 a5 44. Be6 Bb4+ 45. Kb2 Kd4 46. Bf7 Bd6 47. a3
Bc5 48. Ka2 Kc3 49. Bg6 Bd6 50. Bf7 Bc5 51. Bg6 1/2-1/2

[Event "Mondiale Semilampo FIDE 2024"]
[Site "New York"]
[Date "26.12.2024"]
[Round "3.51"]
[White "Dlugy, Maxim"]
[Black "Mamedov, Edgar"]
[Result "0-1"]
[WhiteTitle "GM"]
[BlackTitle "IM"]
[WhiteElo "2514"]
[BlackElo "2441"]
[WhiteFideId "2000075"]
[BlackFideId "13739980"]
[EventDate "26.12.2024"]

1. d4 d5 2. Bf4 c5 3. Nc3 Nf6 4. e4 Nxe4 5. Nxe4 dxe4 6. dxc5 Qa5+ 7. c3 Qxc5 8.
Qa4+ Nc6 9. Qxe4 g6 10. Be3 Qa5 11. Bc4 Bg7 12. Rd1 O-O 13. Nf3 Qf5 14. Qxf5
Bxf5 15. Ke2 Rfc8 16. Nh4 Bc2 17. Rd2 Ba4 18. b3 Ne5 19. Bd5 Bb5+ 20. c4 Ba6 21.
Nf3 Ng4 22. Ng5 Rf8 23. Bc5 Nf6 24. Bf3 Bh6 25. h4 Rfe8 26. Be3 Rac8 27. Bxa7 b5
28. cxb5 Bxb5+ 29. Kd1 e5 30. Be3 Bf8 31. a4 Ba6 32. Ne4 Nxe4 33. Bxe4 Rc3 34.
Bc2 Rec8 35. Rh3 Bb4 36. Bb6 R3c6 37. a5 Bxd2 38. Be4 Rd6 0-1

[Event "Mondiale Semilampo FIDE 2024"]
[Site "New York"]
[Date "26.12.2024"]
[Round "3.52"]
[White "Nogerbek, Kazybek"]
[Black "Manafov, Vugar"]
[Result "1-0"]
[WhiteTitle "GM"]
[BlackTitle "IM"]
[WhiteElo "2527"]
[BlackElo "2431"]
[WhiteFideId "13710427"]
[BlackFideId "13410814"]
[EventDate "26.12.2024"]

1. d4 Nf6 2. c4 e6 3. Nf3 Bb4+ 4. Bd2 a5 5. Qc2 d5 6. a3 Bxd2+ 7. Nbxd2 a4 8. e3
c6 9. Bd3 Nbd7 10. O-O O-O 11. Rfe1 h6 12. e4 dxe4 13. Bxe4 c5 14. Rad1 cxd4 15.
Nxd4 Nc5 16. Nb5 Bd7 17. Bf3 Qb6 18. Nc3 Bc6 19. Bxc6 bxc6 20. Nf3 Rfb8 21. Ne5
Rb7 22. Re2 Qc7 23. h3 Rb3 24. Qd2 Rab8 25. Qd4 Qb6 26. Qd6 Rc8 27. Qe7 Rf8 28.
Rdd2 Nh5 29. g3 Nf6 30. Kg2 h5 31. g4 hxg4 32. hxg4 Nb7 33. g5 Nh5 34. Nd7 Qd8
35. Nf6+ gxf6 36. Rxd8 Rxd8 37. Re4 f5 38. Rh4 Ng7 39. Qf6 Rd2 40. Qh6 Kf8 41.
Qh8+ Ke7 42. Qxg7 Rbxb2 43. Qf6+ Kd6 44. Rd4+ 1-0

[Event "Mondiale Semilampo FIDE 2024"]
[Site "New York"]
[Date "26.12.2024"]
[Round "3.53"]
[White "Papasimakopoulos, Alexandros"]
[Black "Moroni, Luca Jr"]
[Result "0-1"]
[WhiteTitle "FM"]
[BlackTitle "GM"]
[WhiteElo "2379"]
[BlackElo "2550"]
[WhiteFideId "4244125"]
[BlackFideId "865834"]
[EventDate "26.12.2024"]

1. d4 g6 2. e4 Bg7 3. c4 d6 4. Nc3 c5 5. Nge2 Nc6 6. Be3 Qa5 7. Qd2 Nf6 8. f3
O-O 9. Rd1 cxd4 10. Nxd4 Nxd4 11. Bxd4 Be6 12. Be2 Rfc8 13. b3 Nd7 14. Bxg7 Kxg7
15. O-O a6 16. f4 f6 17. f5 Bf7 18. fxg6 hxg6 19. Bg4 Rc7 20. Bxd7 Rxd7 21. Na4
Qxd2 22. Rxd2 Rc7 23. Nb6 Rh8 24. a4 Rh5 25. h3 Re5 26. Rd4 Rc6 27. Nd5 Bxd5 28.
exd5 Rc8 29. a5 b6 30. axb6 Rb8 31. b4 Rxb6 32. c5 dxc5 33. bxc5 Rb2 34. Kh2
Ree2 35. Rg4 Rbc2 36. c6 Red2 37. Ra1 Rxd5 38. Rxa6 Kf7 39. h4 Rd6 40. Ra3 Rdxc6
41. Rag3 R6c4 42. Rxg6 Rxh4+ 43. Kg1 Rc1+ 44. Kf2 Rc2+ 45. Kg1 Rc1+ 46. Kf2 Rf4+
47. Ke2 Re4+ 48. Kd2 Rc7 49. Rg7+ Ke6 50. Kd3 Re5 51. Rg8 Rd7+ 52. Kc4 Rc7+ 53.
Kd3 Rd7+ 54. Kc4 Re1 55. Kc3 Rc1+ 56. Kb2 Rc5 57. Rb8 Rd2+ 58. Kb3 Rcc2 59. Rb7
Rb2+ 60. Kc3 Rbc2+ 61. Kb3 Re2 62. Ra7 Rc6 63. Rg7 Kd6 64. g4 Rc5 65. Ra6+ Kd5
66. g5 Kd4 67. Ra4+ Kd3 68. gxf6 Rc3+ 69. Kb4 Rc4+ 70. Kb3 Rxa4 71. Kxa4 exf6
72. Kb3 f5 73. Rd7+ Ke3 74. Re7+ Kf3 75. Rg7 Rd2 76. Kc3 Rd8 77. Rg5 f4 78. Kc2
Ke3 79. Re5+ Kf2 80. Rf5 f3 81. Rg5 Ke2 82. Re5+ Kf1 83. Rf5 f2 84. Rg5 Rd4 85.
Kc3 Rd7 86. Kc2 Ke2 87. Re5+ Kf3 88. Rf5+ Ke3 0-1

[Event "Mondiale Semilampo FIDE 2024"]
[Site "New York"]
[Date "26.12.2024"]
[Round "3.54"]
[White "Bjerre, Jonas Buhl"]
[Black "Rosen, Eric"]
[Result "1-0"]
[WhiteTitle "GM"]
[BlackTitle "IM"]
[WhiteElo "2642"]
[BlackElo "2377"]
[WhiteFideId "1444948"]
[BlackFideId "2032562"]
[EventDate "26.12.2024"]

1. e4 c5 2. Nf3 Nc6 3. Bc4 d6 4. O-O Nf6 5. Re1 Bg4 6. h3 Bxf3 7. Qxf3 e6 8. a4
Be7 9. Nc3 O-O 10. d3 Nd4 11. Qd1 a6 12. Bf4 Nd7 13. Qd2 Ne5 14. Kh1 Rb8 15. a5
Nec6 16. Nd1 Bf6 17. Ne3 Be5 18. Bxe5 Nxe5 19. f4 Nxc4 20. Nxc4 d5 21. Nb6 Qd6
22. exd5 exd5 23. Re5 Rbd8 24. Rxd5 Qc6 25. Rxd8 Rxd8 26. Re1 h5 27. Qf2 Re8 28.
Rxe8+ Qxe8 29. Nc4 Nf5 30. g4 hxg4 31. hxg4 Qc6+ 32. Kg1 Nd4 33. c3 Ne6 34. Qe3
Qa4 35. f5 Qd1+ 36. Kf2 Nf8 37. Kg3 Nh7 38. Nd6 Nf6 39. g5 Qg4+ 40. Kf2 Qh4+ 41.
Qg3 Ng4+ 42. Kf3 Nh2+ 43. Kg2 Qh5 44. Qxh2 Qe2+ 45. Kh3 Qxd3+ 46. Kh4 Qf3 47.
Qe5 Qh1+ 48. Kg3 Qg1+ 49. Kf3 Qf1+ 50. Ke4 Qh1+ 51. Kd3 Qf1+ 52. Kc2 Qg2+ 53.
Kb3 Qxg5 54. Qe8+ Kh7 55. Qh8+ Kxh8 56. Nxf7+ 1-0

[Event "Mondiale Semilampo FIDE 2024"]
[Site "New York"]
[Date "26.12.2024"]
[Round "3.55"]
[White "Can, Isik"]
[Black "Ghaem Maghami, Ehsan"]
[Result "1-0"]
[WhiteTitle "IM"]
[BlackTitle "GM"]
[WhiteElo "2499"]
[BlackElo "2434"]
[WhiteFideId "6383742"]
[BlackFideId "12500739"]
[EventDate "26.12.2024"]

1. e4 c5 2. Nf3 e6 3. d4 cxd4 4. Nxd4 Nc6 5. Nc3 Qc7 6. Be3 a6 7. a3 b5 8. Nxc6
Qxc6 9. h4 Bb7 10. h5 Bc5 11. Qg4 Kf8 12. O-O-O Nf6 13. Qf4 h6 14. e5 Bxe3+ 15.
fxe3 Nh7 16. Qb4+ Ke8 17. Nxb5 1-0

[Event "Mondiale Semilampo FIDE 2024"]
[Site "New York"]
[Date "26.12.2024"]
[Round "3.56"]
[White "Gaehwiler, Gabriel"]
[Black "Corrales Jimenez, Fidel"]
[Result "0-1"]
[WhiteTitle "IM"]
[BlackTitle "GM"]
[WhiteElo "2392"]
[BlackElo "2555"]
[WhiteFideId "1314530"]
[BlackFideId "3506690"]
[EventDate "26.12.2024"]

1. d4 Nf6 2. Nf3 g6 3. c4 Bg7 4. Nc3 d5 5. g3 O-O 6. Bg2 dxc4 7. O-O Nc6 8. h3
a6 9. e4 Nb4 10. Ne1 Nd7 11. Be3 e6 12. Qa4 a5 13. Rd1 Nb6 14. Qb5 Re8 15. d5
Bd7 16. Qc5 exd5 17. exd5 Na4 18. Nxa4 Bxa4 19. Rd2 Qd7 20. a3 Na6 21. Qxc4 Bb5
22. Qc1 Bxf1 23. Bxf1 h5 24. Bg2 Qd6 25. Rc2 Re7 26. Nd3 Rae8 27. Rc4 Rxe3 28.
fxe3 Qxg3 29. Qe1 Rxe3 30. Qxg3 Rxg3 31. Nc5 Nxc5 32. Rxc5 Bd4+ 0-1

[Event "Mondiale Semilampo FIDE 2024"]
[Site "New York"]
[Date "26.12.2024"]
[Round "3.57"]
[White "Harsha, Bharathakoti"]
[Black "Chasin, Nico"]
[Result "0-1"]
[WhiteTitle "GM"]
[BlackTitle "IM"]
[WhiteElo "2531"]
[BlackElo "2417"]
[WhiteFideId "5078776"]
[BlackFideId "30908477"]
[EventDate "26.12.2024"]

1. d4 Nf6 2. c4 e6 3. Nc3 d5 4. cxd5 exd5 5. Bg5 c6 6. e3 Nbd7 7. Bd3 Be7 8.
Nge2 Nh5 9. Bxe7 Qxe7 10. O-O O-O 11. Qd2 Re8 12. Rae1 Nb6 13. Nc1 Be6 14. Nb3
Nd7 15. f3 a5 16. a3 a4 17. Nc1 g6 18. Bc2 Nb6 19. Nd3 Nc4 20. Qf2 b5 21. Nc5
Nf6 22. Bd3 Nb6 23. e4 dxe4 24. fxe4 Nfd7 25. Nxd7 Bxd7 26. e5 Nd5 27. Ne4 Bf5
28. Rc1 Rac8 29. Rc5 Red8 30. Rfc1 Bxe4 31. Bxe4 Qe6 32. h3 Ne7 33. R1c3 Rd7 34.
Bf3 h5 35. Be4 Rcd8 36. Bxc6 Rxd4 37. Bxb5 Rd1+ 38. Kh2 Nd5 39. Rc2 Qxe5+ 40. g3
h4 41. Rc1 hxg3+ 42. Qxg3 Rd2+ 0-1

[Event "Mondiale Semilampo FIDE 2024"]
[Site "New York"]
[Date "26.12.2024"]
[Round "3.58"]
[White "Ansat, Aldiyar"]
[Black "Hakobyan, Aram"]
[Result "1-0"]
[WhiteTitle "IM"]
[BlackTitle "GM"]
[WhiteElo "2479"]
[BlackElo "2625"]
[WhiteFideId "13715658"]
[BlackFideId "13306677"]
[EventDate "26.12.2024"]

1. e4 e6 2. d4 d5 3. Nc3 Nf6 4. e5 Nfd7 5. Nce2 c5 6. c3 Nc6 7. Nf3 cxd4 8. cxd4
f6 9. Nf4 fxe5 10. Nxe6 Qb6 11. Nxf8 Rxf8 12. Be3 e4 13. Ng5 Nf6 14. Nxh7 Nxh7
15. Qh5+ Rf7 16. Qxh7 Qb4+ 17. Bd2 Qxb2 18. Qh8+ Ke7 19. Rc1 Qxd4 20. Qh4+ Ke8
21. Be2 Bf5 22. Bc3 Qc5 23. O-O Qe7 24. Qg3 Rd8 25. Bb2 Qd6 26. Qb3 Bg6 27. f3
d4 28. Ba3 Qe5 29. Rc5 Qf4 30. Rxc6 Bf5 31. Re6+ 1-0

[Event "Mondiale Semilampo FIDE 2024"]
[Site "New York"]
[Date "26.12.2024"]
[Round "3.59"]
[White "Chirila, Ioan-Cristian"]
[Black "Ohanyan, Emin"]
[Result "1/2-1/2"]
[WhiteTitle "GM"]
[BlackTitle "GM"]
[WhiteElo "2530"]
[BlackElo "2514"]
[WhiteFideId "1211668"]
[BlackFideId "13312022"]
[EventDate "26.12.2024"]

1. d4 d5 2. c4 e6 3. Nc3 Nf6 4. Nf3 Bb4 5. Qa4+ Nc6 6. e3 O-O 7. Bd2 dxc4 8.
Bxc4 Bd6 9. h3 e5 10. d5 Ne7 11. e4 a6 12. Be3 Bd7 13. Qd1 b5 14. Bd3 c6 15.
dxc6 Bxc6 16. a3 Qb8 17. O-O Rd8 18. Bg5 Nd7 19. Rc1 f6 20. Be3 Nf8 21. Qb3+ Kh8
22. Rfd1 Qb7 23. Bb1 Nfg6 24. Qe6 Bc7 25. h4 Rxd1+ 26. Rxd1 Qc8 27. Ba2 Qxe6 28.
Bxe6 Nf8 29. Bf7 Rd8 30. Rc1 Nd7 31. Nd5 Bxd5 32. exd5 Bb8 33. Nd2 g6 34. Ne4
Kg7 35. Be6 Nf8 36. Bc5 Nf5 37. Bxf8+ Rxf8 38. Rc6 Nxh4 39. Rxa6 f5 40. Nc5 e4
41. Rb6 Bf4 42. Bd7 Kh6 43. Ne6 Rf6 44. Rxb5 Be5 45. Rb3 g5 46. Rh3 Rf7 47. Bc6
f4 48. g3 e3 49. gxf4 e2 50. Re3 Nf3+ 51. Kh1 e1=Q+ 52. Rxe1 Nxe1 53. fxe5 Rxf2
54. d6 Rd2 55. d7 Nf3 56. Bxf3 Rxd7 57. Kg2 Rd2+ 58. Kg3 Rxb2 59. Nd4 Kg7 60.
Nf5+ Kg6 61. e6 Kxf5 62. e7 Rb8 63. Bh5 Ke6 64. e8=Q+ Rxe8 65. Bxe8 Kd6 66. Kg4
h6 67. Kh5 Kc5 68. Bd7 Kc4 69. Kxh6 g4 70. Be6+ Kc3 71. Bd5 g3 72. Kg5 g2 73.
Bxg2 Kb3 74. Bd5+ Kxa3 1/2-1/2

[Event "Mondiale Semilampo FIDE 2024"]
[Site "New York"]
[Date "26.12.2024"]
[Round "3.60"]
[White "Amartuvshin, Ganzorig"]
[Black "Grebnev, Aleksey"]
[Result "1-0"]
[WhiteTitle "IM"]
[BlackTitle "GM"]
[WhiteElo "2392"]
[BlackElo "2555"]
[WhiteFideId "4902548"]
[BlackFideId "34189030"]
[EventDate "26.12.2024"]

1. d4 Nf6 2. c4 e6 3. Nf3 d5 4. Nc3 dxc4 5. e4 b5 6. e5 Nd5 7. Nxb5 Nb6 8. Be2
Be7 9. Nc3 Nc6 10. Be3 Bb7 11. a3 Qd7 12. Qc2 Na5 13. Rd1 O-O-O 14. O-O f5 15.
exf6 gxf6 16. Nd2 f5 17. Bf3 Bxf3 18. Nxf3 Bd6 19. Ne5 Bxe5 20. dxe5 Qc6 21. Qe2
Nb3 22. Rxd8+ Rxd8 23. Qh5 Rd7 24. h3 Kb7 25. Rd1 Rg7 26. f3 Nd7 27. Qh6 Rf7 28.
Qf4 Nf8 29. Bf2 Nd7 30. h4 Nb6 31. Qe3 f4 32. Qe2 Rf5 33. Rd8 Nc5 34. Bd4 Rh5
35. Rf8 Nd3 36. b4 a6 37. a4 Nxb4 38. a5 N6d5 39. Ne4 Nd3 40. Rf7 Qa4 41. Qxd3
cxd3 42. Nc5+ Kc6 43. Nxa4 d2 44. Nb2 Kb5 45. Kf2 c5 46. Bxc5 Kxc5 47. Ke2 Rxh4
48. Kxd2 Kb5 49. Rb7+ Kc6 50. Rg7 Rh6 51. Nc4 Rg6 52. Rxh7 Rxg2+ 53. Kd3 Rf2 54.
Rh6 Kc5 55. Nd2 Nb4+ 56. Kc3 Na2+ 57. Kd3 Kd5 58. Rh4 Nc1+ 59. Kc2 Ne2 60. Kd3
Rg2 61. Ne4 Nc1+ 62. Kc3 Ra2 63. Rh5 Ne2+ 64. Kd3 Ng1 65. Nc3+ Kc5 66. Nxa2 Nxf3
67. Ke4 Nd2+ 68. Kxf4 Nb3 69. Rh6 Nd4 70. Ke4 Kc4 71. Nc1 Kc3 72. Nd3 Kc4 73.
Nf4 1-0

[Event "Mondiale Semilampo FIDE 2024"]
[Site "New York"]
[Date "26.12.2024"]
[Round "3.61"]
[White "Smirnov, Mark"]
[Black "Amar, Elham"]
[Result "1-0"]
[WhiteTitle "FM"]
[BlackTitle "GM"]
[WhiteElo "2336"]
[BlackElo "2534"]
[WhiteFideId "13764594"]
[BlackFideId "1533533"]
[EventDate "26.12.2024"]

1. e4 c6 2. d4 d5 3. Nc3 dxe4 4. Nxe4 Nf6 5. Nxf6+ exf6 6. Be3 Bd6 7. Bd3 Nd7 8.
Ne2 f5 9. O-O Nf6 10. Bf4 Bxf4 11. Nxf4 Qxd4 12. Re1+ Kf8 13. Bc4 Qxd1 14. Raxd1
Bd7 15. Nh5 Nd5 16. Bxd5 cxd5 17. Rxd5 Bc6 18. Rd2 g6 19. Nf4 Kg7 20. f3 Rhd8
21. Red1 Rxd2 22. Rxd2 g5 23. Ne2 Re8 24. Kf2 f4 25. Nd4 Bd7 26. c4 h5 27. b4 a5
28. Nb3 Be6 29. Nxa5 b6 30. Nb7 Ra8 31. Nd6 Kf6 32. Ne4+ Ke7 33. Nxg5 Bxc4 34.
Nh3 Bxa2 35. Nxf4 h4 36. Rd4 b5 37. Ne2 h3 38. gxh3 Bc4 39. Nf4 Kf6 40. h4 Ke5
41. Re4+ Kf5 42. Ng2 Kf6 43. Ne3 Be6 44. h5 Ra1 45. h6 Kg6 46. Rh4 Kh7 47. Rh5
Ra2+ 48. Kg3 Bc4 49. Rc5 Bd3 50. Ng4 Rb2 51. h4 Rxb4 52. Rg5 Ra4 53. Rg7+ Kh8
54. Rxf7 Ra8 55. Nf6 Rb8 56. Nd7 Rg8+ 57. Kf4 b4 58. Ne5 Bc2 59. Rb7 b3 60. h5
Rf8+ 61. Kg4 Rg8+ 62. Kh4 Rg1 63. Ng4 Rd1 64. Nf6 Rd8 65. Kg5 Ra8 66. h7 b2 67.
Rxb2 Bxh7 68. f4 Bg8 69. Rb7 Rc8 70. Kg6 Ra8 71. Rg7 1-0